Technológiai innováció vizsgálata a vendégélmény szempontjából a budapesti szállodákban

Bibliographic Details
Main Author: Jencová Viktória
Other Authors: Juhász-Dóra Katalin
Format: Thesis
Kulcsszavak:élménygazdaság
mesterséges intelligencia
szállodaipar
technológia
vendéglátóipar
Online Access:http://dolgozattar.uni-bge.hu/59966

MARC

LEADER 00000nta a2200000 i 4500
001 dolg59966
005 20260409145817.0
008 260409suuuu hu om 000 hun d
040 |a BGE Dolgozattár Repozitórium  |b hun 
041 |a hu 
100 1 |a Jencová Viktória 
245 1 0 |a Technológiai innováció vizsgálata a vendégélmény szempontjából a budapesti szállodákban  |c Jencová Viktória  |h [elektronikus dokumentum] 
520 3 |a AbsztraktA szakdolgozat a technológia és a vendégélmény összefüggéseit vizsgálja a budapesti szállodaiparban. A kutatás fókuszában a modern technológiai fejlesztések szállodai alkalmazása, valamint ezek hatása a vendégek tapasztalataira, elégedettségére, lojalitására és visszatérési szándékára áll. A tanulmány feltárja, hogy a különböző vendégcsoportok (korosztály, típus, nem) milyen preferenciákkal és igényekkel rendelkeznek a technológiailag fejlett szálláshelyeken. A kutatás kvalitatív és kvantitatív módszereket alkalmaz, kérdőívek és mélyinterjúk segítségével gyűjt adatokat a vendégektől és a szállodavezetőktől. A "validáló" módszer biztosítja az eredmények szakmai alátámasztását. A dolgozat célja feltárni a vendégek élményének és a szállodai vezetők véleményének kapcsolódását a modern technológiához, valamint javaslatokat tenni a vendégélmény fokozására és a versenyképesség megőrzésére a dinamikusan fejlődő technológiai környezetben. 
695 |a élménygazdaság 
695 |a mesterséges intelligencia 
695 |a szállodaipar 
695 |a technológia 
695 |a vendéglátóipar 
700 1 |a Juhász-Dóra Katalin  |e ths 
856 4 0 |u http://dolgozattar.uni-bge.hu/59966/1/Szakdolgozat_JencovaViktoria%20%282%29.pdf  |z Dokumentum-elérés 
856 4 0 |u http://dolgozattar.uni-bge.hu/59966/2/Jencov%C3%A1%20Vikt%C3%B3ria_opponens_Blask%C3%B3%20Anik%C3%B3.pdf  |z Dokumentum-elérés 
856 4 0 |u http://dolgozattar.uni-bge.hu/59966/3/JDK_Jencov%C3%A1%20Vikt%C3%B3ria_szakdolgozat%20b%C3%ADr%C3%A1lat.pdf  |z Dokumentum-elérés